Multinationals and the transfer of skills (Record no. 501365)

000 -LEADER
fixed length control field 00404cam a22001337a 4500
008 - FIXED-LENGTH DATA ELEMENTS--GENERAL INFORMATION
fixed length control field 180718b1985 xxu||||| |||| 00| 0 eng d
082 ## - DEWEY DECIMAL CLASSIFICATION NUMBER
Classification number APPPA 84-85 PAU
100 ## - MAIN ENTRY--PERSONAL NAME
Personal name Paul, Dmita
245 ## - TITLE STATEMENT
Title Multinationals and the transfer of skills
Statement of responsibility, etc. by Dmita Paul
260 ## - PUBLICATION, DISTRIBUTION, ETC.
Place of publication, distribution, etc. New Delhi
Name of publisher, distributor, etc. Indian Institute of Public Administration
Date of publication, distribution, etc. 1985
300 ## - PHYSICAL DESCRIPTION
Extent 71p.
650 ## - SUBJECT ADDED ENTRY--TOPICAL TERM
Topical term or geographic name entry element Transfer of skills
650 ## - SUBJECT ADDED ENTRY--TOPICAL TERM
Topical term or geographic name entry element Multinationals
Holdings
Withdrawn status Lost status Damaged status Not for loan Permanent Location Current Location Date acquired Full call number Barcode Date last seen Price effective from Koha item type
        Indian Institute of Public Administration Indian Institute of Public Administration 2018-08-04 APPPA 84-85 PAU GR11732 2018-08-04 2018-08-04 GR

Powered by Koha